[Event "Cartagena Plazuela op"]
[Site "Cartagena"]
[Date "2022.07.21"]
[Round "2"]
[White "Torres Clavijo, Jose Manuel"]
[Black "Mercado Florez, Diego Armando"]
[Result "1-0"]
[WhiteElo "1570"]
[BlackElo "1320"]
[PlyCount "55"]
[EventDate "2022.07.21"]
[EventType "swiss"]
[EventRounds "6"]
[EventCountry "COL"]
[SourceTitle "CBM 209 Extra"]
[Source "ChessBase"]
[SourceDate "2022.09.30"]
[SourceVersion "1"]
[SourceVersionDate "2022.09.30"]
[SourceQuality "1"]

1. d4 f5 2. Nf3 Nf6 3. h3 g6 4. Bg5 Bg7 5. c3 0-0 6. Nbd2 d5 7. Ne5 Nbd7 8. Nxd7 Bxd7 9. e3 Rc8 10. Be2 c5 11. dxc5 Rxc5 12. 0-0 e5 13. Nb3 Rc7 14. Bxf6 Rxf6 15. Qxd5+ Kh8 16. Qxe5 Re6 17. Qd5 Qe7 18. Rad1 Bf6 19. Nd4 Bc6 20. Nxc6 Rcxc6 21. Qd7 Red6 22. Rxd6 Qxd6 23. Rd1 Qc5 24. Qe8+ Kg7 25. Rd7+ Kh6 26. Rxb7 Qd5 27. Qd7 Rd6 28. Qxh7+ 1-0

[Event "La Candelaria Cup"]
[Site "Complejo de Raquetas"]
[Date "2013.02.02"]
[Round "4"]
[White "Pabon Sarmiento, Juan Pablo"]
[Black "Torres Clavijo, Jose Manuel"]
[Result "0-1"]
[WhiteElo "1882"]
[BlackElo "1555"]
[PlyCount "24"]
[EventDate "2013.01.30"]
[EventType "swiss"]
[EventRounds "7"]
[EventCountry "COL"]
[SourceTitle "CBM 152 Extra"]
[Source "ChessBase"]
[SourceDate "2013.02.25"]
[SourceVersion "1"]
[SourceVersionDate "2013.02.25"]
[SourceQuality "1"]

1. d4 d5 2. c4 e6 3. Nc3 Nf6 4. Bg5 Be7 5. Nf3 Nbd7 6. e3 a6 7. Rc1 0-0 8. Bd3 h6 9. Bh4 dxc4 10. Bxc4 c5 11. 0-0 b5 12. Bb3 c4 0-1

[Event "Cartagena IRT op 4th"]
[Site "Cartagena"]
[Date "2012.06.15"]
[Round "2"]
[White "Torres Clavijo, Jose Manuel"]
[Black "Guzman Mellado, Arcadio"]
[Result "0-1"]
[WhiteElo "1600"]
[BlackElo "1906"]
[PlyCount "42"]
[EventDate "2012.06.14"]
[EventType "swiss"]
[EventRounds "9"]
[EventCountry "COL"]
[SourceTitle "CBM 148 Extra"]
[Source "ChessBase"]
[SourceDate "2012.06.22"]
[SourceVersion "1"]
[SourceVersionDate "2012.06.22"]
[SourceQuality "1"]

1. e4 e5 2. Nf3 Nf6 3. Nc3 Nc6 4. a3 a6 5. d4 exd4 6. Nxd4 d6 7. h3 Be7 8. Bc4 0-0 9. 0-0 Nxe4 10. Nxc6 bxc6 11. Nxe4 d5 12. Ba2 dxe4 13. Be3 Bd6 14. c4 Qe7 15. Bd4 c5 16. Bc3 Qg5 17. Qd5 Qf4 18. g3 Qf3 19. Kh2 Be6 20. Qg5 f6 21. Qe3 Bxg3+ 0-1